Taxonomía de los objetivos de la educación : (Record no. 55455)

MARC details
000 -CABECERA
campo de control de longitud fija 00745nam a2200181 a 4500
005 - FECHA Y HORA DE LA ÚLTIMA TRANSACCIÓN
campo de control 20240920064415.0
008 - ELEMENTOS DE LONGITUD FIJA--INFORMACIÓN GENERAL
campo de control de longitud fija 991125s1971 mx 000 0 spa u
035 ## - NÚMERO DE CONTROL DEL SISTEMA
Número de control de sistema UPN01000055455
049 ## - COLECCIÓN
Colección CG
050 #4 - SIGNATURA TOPOGRÁFICA DE LA BIBLIOTECA DEL CONGRESO
Número de clasificación LB3051
Número de documento/Ítem B5.88a
100 1# - ASIENTO PRINCIPAL--NOMBRE PERSONAL
Nombre de persona Bloom, Benjamin S.
Forma completa/desarrollada del nombre (Benjamin Samuel),
Fechas asociadas al nombre 1913-1999
9 (RLIN) 30181
245 10 - MENCIÓN DE TÍTULO
Título Taxonomía de los objetivos de la educación :
Resto del título la clasificación de las metas educacionales : manuales I y II /
Mención de responsabilidad, etc. Benjamin S. Bloom y colab. ; tr. Marcelo Pérez Rivas.
260 ## - PUBLICACIÓN, DISTRIBUCIÓN, ETC.
Lugar de publicación, distribución, etc. México :
Nombre del editor, distribuidor, etc. Centro Regional de Ayuda Técnica, AID,
Fecha de publicación, distribución, etc. 1971.
300 ## - DESCRIPCIÓN FÍSICA
Extensión 364 p.
440 #0 - MENCIÓN DE SERIE/ASIENTO SECUNDARIO--TÍTULO
Título Biblioteca nuevas orientaciones de la educación.
Nombre de parte o sección de la obra Problemática de la educación
650 #4 - ASIENTO SECUNDARIO DE MATERIA - TERMINO TEMATICO
Término de materia o nombre geográfico como elemento de entrada Educación
Subdivisión general Fines y objetivos
9 (RLIN) 4837
905 ## - TIPO DE MATERIAL
Tipo de material Libro
Holdings
Estado de retiro Estado de pérdida Fuente del sistema de clasificación o colocación Estado dañado No para préstamo Código de colección Localización permanente Ubicación/localización actual Ubicación en estantería Fecha de adquisición Total de préstamos Renovaciones totales Clasificación Código de barras Fecha visto por última vez Fecha del último préstamo Número de copia Tipo de ítem Koha
    Library of Congress Classification     Colección General Bib. Gregorio Torres Quintero Bib. Gregorio Torres Quintero Planta baja 07/03/2022 104 1 LB3051 B5.88a 14119 10/03/2022 07/03/2022 1 Libro
    Library of Congress Classification     Colección General Bib. Gregorio Torres Quintero Bib. Gregorio Torres Quintero Planta baja       LB3051 B5.88a 81892 31/12/2020   1 Libro
    Library of Congress Classification     Colección General Bib. Gregorio Torres Quintero Bib. Gregorio Torres Quintero Planta baja   2   LB3051 B5.88a 81893 31/12/2020   1 Libro
    Library of Congress Classification     Colección General Bib. Gregorio Torres Quintero Bib. Gregorio Torres Quintero Planta baja   47   LB3051 B5.88a 81894 31/12/2020   1 Libro